Pokémon, die mit E beginnen - Statistiken

Allgemein
  • Dieses Quiz wurde 29 mal gespielt
  • Das Durchschnittsergebnis liegt bei 19 aus 31
Antwortstatistiken
Nr. Typ Name % Korrekt
133 Normal Evoli
100%
125 Elektro Elektek
95%
239 Elektro Elekid
86%
466 Elektro Elevoltek
86%
152 Pflanze Endivie
86%
54 Wasser Enton
86%
55 Wasser Entoron
86%
587 Elektro, Flug Emolga
77%
244 Feuer Entei
68%
300 Normal Eneco
64%
301 Normal Enekoro
64%
496 Pflanze Efoserp
59%
694 Elektro, Normal Eguana
59%
695 Elektro, Normal Elezard
59%
522 Elektro Elezeba
59%
714 Flug, Drache eF-eM
55%
563 Geist Echnatoll
50%
993 Unlicht, Flug Eisenhals
50%
992 Kampf, Elektro Eisenhand
50%
1023 Stahl, Psycho Eisenhaupt
50%
1006 Fee, Kampf Eisenkrieger
50%
890 Gift, Drache Endynalos
50%
979 Kampf, Geist Epitaff
50%
998 Drache, Eis Espinodon
50%
1010 Pflanze, Psycho Eisenblatt
45%
991 Eis, Wasser Eisenbündel
45%
994 Feuer, Gift Eisenfalter
45%
1022 Gestein, Psycho Eisenfels
45%
995 Gestein, Elektro Eisendorn
41%
990 Boden, Stahl Eisenrad
41%
547 Pflanze, Fee Elfun
41%
Keine übereinstimmenden Quizze gefunden
Verteilung der Resultate
Anzahl Personen mit jedem Resultat
Perzentil nach korrekt beantworteten Fragen
Ihre Resultats-Entwicklung
Sie haben dieses Quiz noch nicht gespielt